| 000 | 00461nam a2200169 a 4500 | ||
|---|---|---|---|
| 005 | 20140412111331.0 | ||
| 008 | 030210s19uu xx 00 eng d | ||
| 020 | _a0-86215-552-5 | ||
| 050 |
_aER _bBa11 1987 |
||
| 245 | _aBaby Jesus. | ||
| 260 |
_aGreat Britain : _bStudi Publications (Ipswich) Limited, _c1987. |
||
| 300 | _a1 v. (unp.) ; ill. | ||
| 440 | _aBible story sticker books | ||
| 650 | _aNativity | ||
| 650 | _aBirth of Christ | ||
| 999 |
_c104909 _d104909 |
||